000 01526cam a2200133 4500500
005 20260405085543.0
041 _afre
042 _adc
100 1 0 _aBoussard, Valérie
_eauthor
245 0 0 _a"Je" de société : Sociologie de l'identité individuelle
260 _bArmand Colin,
_c2021.
520 _aCet ouvrage présente les questions posées par les relations entre l’individu et la société, à partir d’un objet particulier  : l’identité individuelle. Il s’agit de montrer comment l’identité individuelle ne peut se penser en dehors de différents processus sociaux qui cadrent la façon dont les individus peuvent se définir et se présenter aux autres. Les individus ne sont-ils pas le produit des sociétés auxquelles ils appartiennent, au point que ce que l’on considère comme individuel serait avant tout social  ? Dire « je » serait-il pas dire « nous »  ? Pour le démontrer, l’ouvrage analyse cinq dimensions de la présentation de soi en société  : le nom, le corps, le sexe, la langue et la profession. Il montre que ce qui paraît comme le plus singulier, le plus spécifique, voire le plus naturel et spontané de l’identité individuelle, est à comprendre comme le produit de différents cadrages ou encadrements sociaux. Par ailleurs, il souligne les jeux qui restent possibles à l’individu pour négocier son identité et la faire valoir socialement.
856 4 1 _uhttps://shs.cairn.info/je-de-societe--9782200631901?lang=fr&redirect-ssocas=7080
999 _c2198468
_d2198468